Finite permutation groups /

Guardado en:
Autor Principal: Wielandt, Helmut.
Formato: Libro
Idioma:English
German
Publicado: New York : Academic Press, c1964.
Series:Academic paperbacks
Etiquetas: Agregar Etiqueta
Sin Etiquetas, Sea el primero en etiquetar este registro!
LEADER 00893nam a22002175a 4500
001 MAT.inmabb001350
008 031124s1962####nyu######b####001#0#eng#d
005 20180703150457.0
245 1 0 |a Finite permutation groups /  |c by Helmut Wielandt ; translated from the German by R. Bercov. 
260 |a New York :  |b Academic Press,  |c c1964. 
300 |a x, 114 p. ;  |c 21 cm. 
440 0 |a Academic paperbacks 
504 |a Bibliography: p. 104-109. 
505 0 |a Chapter I: Fundamental concepts -- Chapter II: Multiply transitive groups -- Chapter III: The transitive constituents of $G_ alpha$ -- Chapter IV: The method of Schur -- Chapter V: Relationship with representation theory. 
510 4 |a MR,  |c 32 #1252 
100 1 |a Wielandt, Helmut. 
240 1 0 |a Permutationsgruppen.  |l Inglés 
084 |a 20Bxx  |2 msc2000 
010 |a  64018217  
041 1 |a eng  |h ger 
859 |h 20  |i W646  |p A-1602  |b BIB. MATEMATICA